| 000 | 01675nam a22002177a 4500 | ||
|---|---|---|---|
| 999 |
_c61872 _d61872 |
||
| 003 | Ge_BSU | ||
| 005 | 20240531102904.0 | ||
| 008 | 240531s2024 ge ||||| |||| 00| 0 geo d | ||
| 041 | _ageo | ||
| 080 | _a94 დ-63 | ||
| 100 |
_aდობორჯგინიძე, გიორგი _922260 |
||
| 245 |
_a ბიპოლარული სისტემის მსხვრევა და ჩრდილო ატლანტიკური ალიანსის სამხედრო დოქტრინის რევიზია XX-XXI საუკუნის მიჯნაზე : _bდისერტაცია / _cგიორგი დობორჯგინიძე; სამეცნ. ხელმძღვანელი ირაკლი გორგილაძე; ბსუ. ჰუმანიტარულ მეცნიერებათა ფაკ-ტი. ისტორიის, არქეოლოგიისა და ეთნოლოგიის დეპარტამენტი. |
||
| 264 |
_aბათუმი, _c2024. |
||
| 300 |
_a137 გვ.; _b30 სმ. |
||
| 504 | _aბიბლიოგრ. გვ. 130-137 | ||
| 653 | _aდისერტაცია | ||
| 653 | _aისტორია | ||
| 700 |
_aგორგილაძე ირაკლი _eსამეცნ. ხელმძღვანელი _913494 |
||
| 710 |
_aბსუ. ჰუმანიტარულ მეცნიერებათა ფაკ-ტი. _b ისტორიის, არქეოლოგიისა და ეთნოლოგიის დეპარტამენტი. _922261 |
||
| 942 |
_2udc _cDS |
||